Normal view
MARC view
- Computer Software Engieering-MS-Thesis
Entry Topical Term
001 - CONTROL NUMBER
- control field: 32947
003 - CONTROL NUMBER IDENTIFIER
- control field: NUST
005 - DATE AND TIME OF LATEST TRANSACTION
- control field: 20201020101009.0
008 - FIXED-LENGTH DATA ELEMENTS
- fixed length control field: 201020|| aca||aabn | a|a d
040 ## - CATALOGING SOURCE
- Original cataloging agency: NUST
- Transcribing agency: NUST
150 ## - HEADING--TOPICAL TERM
- Topical term or geographic name entry element: Computer Software Engieering-MS-Thesis
670 ## - SOURCE DATA FOUND
- Source citation: Work cat.: (NUST): Javed , Adnan 32946, Interactive Blackboard Architecture for Enterprise Planning /., 2016.
